Central Library OPAC University of Rajshahi

যজুর্ব্বেদ-সংহিতা : (Record no. 38587)

MARC details
000 -LEADER
fixed length control field 01277nam a22002537a 4500
001 - CONTROL NUMBER
control field 38587
003 - CONTROL NUMBER IDENTIFIER
rucl marc code BD-RjUL
005 - DATE AND TIME OF LATEST TRANSACTION
control field 20211209052826.0
008 - FIXED-LENGTH DATA ELEMENTS--GENERAL INFORMATION
fixed length control field 160720s1921 ii ||||| |||| 00| 0 ben d
035 ## - SYSTEM CONTROL NUMBER
System control number (BD-RjUL)38695
040 ## - CATALOGING SOURCE
Original cataloging agency BD-RjUL
Language of cataloging ben
Transcribing agency BD-RjUL
041 ## - LANGUAGE CODE
Language code of text/sound track or separate title ben
082 ## - DEWEY DECIMAL CLASSIFICATION NUMBER
Edition number 23
Classification number 294.59214
Author mark and year YAJ 1921
245 10 - TITLE STATEMENT
Title যজুর্ব্বেদ-সংহিতা :
Remainder of title কৃষ্ণ-যজুর্ব্বেদ তৈত্তিরীয় -সংহিতা /
Statement of responsibility, etc. দুর্গাদাস লাহিড়ী শর্ম্মণা সম্পাদিত
Number of part/section of a work ষষ্ঠ খণ্ড
260 ## - PUBLICATION, DISTRIBUTION, ETC. (IMPRINT)
Place of publication, distribution, etc. হাওড়া :
Name of publisher, distributor, etc. ধীরেন্দ্রনাথ লাহিড়ী শর্ম্মণা,
Date of publication, distribution, etc. ১৯২১.
300 ## - PHYSICAL DESCRIPTION
Pagination ৭২৬ পৃ. ;
Size ২৫ সেমি.
500 ## - GENERAL NOTE
General note " বাংলা লিপিতে সংস্কৃত ভাষায় লিখিত"
General note "পুঠিয়া রাজবাড়ি থেকে সংগৃহীত"
505 ## - FORMATTED CONTENTS NOTE
Formatted contents note খণ্ড ৬ --
650 ## - SUBJECT ADDED ENTRY--TOPICAL TERM
Topical term or geographic name as entry element যজুর্বেদ
9 (RLIN) 119076
Topical term or geographic name as entry element Yajurveda
9 (RLIN) 119077
700 ## - ADDED ENTRY--PERSONAL NAME
Personal name শর্ম্মণা , দুর্গাদাস লাহিড়ী, সম্পা.
942 ## - ADDED ENTRY ELEMENTS (KOHA)
Source of classification or shelving scheme Dewey Decimal Classification
Koha item type Rare Books
Holdings
Lost status Source of classification or shelving scheme Damaged status Not for loan Collection code Permanent Location Current Location Shelving location Date acquired Source of acquisition Cost, normal purchase price Total Checkouts Full call number Date last seen Copy number Koha item type
  Dewey Decimal Classification   Not For Loan Non-fiction Central Library, University of Rajshahi Central Library, University of Rajshahi Rare Book Section 22/12/1955 Puthia Rajbari 0.00   BRA 294.59214 YAJ V-6 1921 17/01/2016 C-1 Rare Books